The scientific and industrial revolution of our time / (Record no. 77268)
[ view plain ]
| 000 -LEADER | |
|---|---|
| fixed length control field | 01219cam a2200337 a 4500 |
| 001 - CONTROL NUMBER | |
| control field | 77268 |
| 003 - CONTROL NUMBER IDENTIFIER | |
| rucl marc code | BD-RjUL |
| 005 - DATE AND TIME OF LATEST TRANSACTION | |
| control field | 20211209082943.0 |
| 008 - FIXED-LENGTH DATA ELEMENTS--GENERAL INFORMATION | |
| fixed length control field | 200309r 1964enkabc 000 0 eng d |
| 020 ## - INTERNATIONAL STANDARD BOOK NUMBER | |
| International Standard Book Number | 9780415382380 (hbk.) |
| International Standard Book Number | 0415382386 (hbk.) |
| International Standard Book Number | 0415379245 (subset) |
| International Standard Book Number | 0415286190 (set) |
| 035 ## - SYSTEM CONTROL NUMBER | |
| System control number | (OCoLC)ocm73321696 |
| Canceled/invalid control number | (OCoLC)73321696 |
| 040 ## - CATALOGING SOURCE | |
| Original cataloging agency | WQC |
| Transcribing agency | WQC |
| Modifying agency | WQC |
| -- | BAKER |
| -- | OCLCQ |
| -- | BTCTA |
| Language of cataloging | eng |
| 041 ## - LANGUAGE CODE | |
| Language code of text/sound track or separate title | eng |
| 082 ## - DEWEY DECIMAL CLASSIFICATION NUMBER | |
| Edition number | 19 |
| Classification number | 621.48 |
| Author mark and year | HUS 1964 |
| 100 1# - MAIN ENTRY--PERSONAL NAME | |
| Personal name | Humphreys, Mary Eleanor Beggs. |
| 9 (RLIN) | 240568 |
| 245 14 - TITLE STATEMENT | |
| Title | The scientific and industrial revolution of our time / |
| Statement of responsibility, etc. | M.E. Beggs-Humphreys and D.W. Humphreys. |
| 246 34 - VARYING FORM OF TITLE | |
| Title proper/short title | Scientific and industrial revolution of time |
| 260 ## - PUBLICATION, DISTRIBUTION, ETC. (IMPRINT) | |
| Place of publication, distribution, etc. | London : |
| Name of publisher, distributor, etc. | george Allen and Unwin, |
| Date of publication, distribution, etc. | 1964. |
| 300 ## - PHYSICAL DESCRIPTION | |
| Pagination | 47 p. : |
| Illustrations | ill., maps, ports. ; |
| Size | 24 cm. |
| 490 1# - SERIES STATEMENT | |
| Series statement | Routledge library editions. Economic history |
| 500 ## - GENERAL NOTE | |
| General note | Originally published: London, G. Allen and Unwin, 1964. |
| 504 ## - BIBLIOGRAPHY, ETC. NOTE | |
| Bibliography, etc | Includes bibliographical references. |
| 650 #0 - SUBJECT ADDED ENTRY--TOPICAL TERM | |
| Topical term or geographic name as entry element | Technology |
| General subdivision | History. |
| 9 (RLIN) | 240569 |
| 700 1# - ADDED ENTRY--PERSONAL NAME | |
| Personal name | Humphreys, Darlow Willis. |
| 830 #0 - SERIES ADDED ENTRY--UNIFORM TITLE | |
| Uniform title | Routledge library editions. |
| 942 ## - ADDED ENTRY ELEMENTS (KOHA) | |
| Source of classification or shelving scheme | Dewey Decimal Classification |
| Koha item type | Books |
| Lost status | Source of classification or shelving scheme | Damaged status | Not for loan | Collection code | Permanent Location | Current Location | Shelving location | Date acquired | Source of acquisition | Cost, normal purchase price | Total Checkouts | Full call number | Date last seen | Copy number | Koha item type |
|---|---|---|---|---|---|---|---|---|---|---|---|---|---|---|---|
| Dewey Decimal Classification | Non-fiction | Central Library, University of Rajshahi | Central Library, University of Rajshahi | 30/08/1969 | Zeitlinger | 10.00 | 621.48 HUS 1964 | 09/03/2020 | C-1 | Books | |||||
| Dewey Decimal Classification | Non-fiction | Central Library, University of Rajshahi | Central Library, University of Rajshahi | 30/08/1969 | Zeitlinger | 10.00 | 621.48 HUS 1964 | 09/03/2020 | C-3 | Books | |||||
| Dewey Decimal Classification | Non-fiction | Central Library, University of Rajshahi | Central Library, University of Rajshahi | 30/08/1969 | Zeitlinger | 10.00 | 621.48 HUS 1964 | 09/03/2020 | C-2 | Books |